A guide to the birds of South America. (Registro nro. 846)
[ vista simple ]
| 000 -CABECERA | |
|---|---|
| Campo de control | 01141cam a2200289 4500 |
| 005 - FECHA Y HORA DE LA ULTIMA TRANSACCION | |
| Campo de control | 20160104054239.0 |
| 008 - ELEMENTOS DE LONGITUD FIJA—INFORMACION GENERAL | |
| Campo de control | 710129s1970 pauabf b 001 0 eng |
| 020 ## - ISBN | |
| ISBN | 0870980270 |
| 040 ## - FUENTE DE CATALOGACIÓN | |
| Agencia catalogadora original | DLC |
| Agencia transcriptora | DLC |
| Agencia Modificadora | DLC |
| -- | CO-BoIAVH |
| 041 0# - IDIOMA | |
| Código de idioma para texto/pista de sonido o título separado | Inglés |
| 043 ## - GEOGRAPHIC AREA CODE | |
| Geographic area code | s------ |
| 082 00 - NUMERO DE CLASIFICACION DECIMAL DEWEY | |
| Número de clasificación | 598.098 |
| Número del ítem | M61b |
| 100 1# - ASIENTO PRINCIPAL--NOMBRE PERSONAL | |
| Nombre personal | Meyer de Schauensee, Rodolphe, |
| Fechas asociadas con el nombre | 1901- |
| 245 12 - MENCION DE TITULO | |
| Título | A guide to the birds of South America. |
| Mención de responsabilidad | Illustrated by Earl L. Poole, John R. Quinn, and George M. Sutton. |
| 260 ## - PUBLICACION, DISTRIBUCION, ETC. (PIE DE IMPRENTA) | |
| Lugar de publicación, distribución, etc. | Wynnewood, Pa., |
| Nombre del editor, distribuidor, etc. | Published for the Academy of Natural Sciences of Philadelphia by Livingston Pub. Co. |
| Fecha de publicación, distribución, etc. | [1970] |
| 300 ## - DESCRIPCION FISICA | |
| Extensión | xiv, 470 paginas. |
| Otros detalles físicos | illustraciones., mapas. |
| Dimensiones | 22 x 15 cm. |
| 350 ## - PRICE (NR) (BK AM CF MU VM SE) [OBSOLETE] | |
| Price | $20.00 |
| 504 ## - NOTA DE BIBLIOGRAFIA, ETC. | |
| Nota de bibliografía | Bibliography: p. 435-436. |
| 650 ## - ASIENTO SECUNDARIO DE MATERIA - TERMINO TEMATICO | |
| Término temático o nombre geográfico como elemento de entrada | Birds |
| Subdivisión geográfica | South America. |
| 700 1# - ASIENTO SECUNDARIO - NOMBRE PERSONAL | |
| Nombre personal | Poole, Earl L., |
| Término de relación | ilustraciones. |
| 700 1# - ASIENTO SECUNDARIO - NOMBRE PERSONAL | |
| Nombre personal | Quinn, John R., |
| Término de relación | ilustraciones |
| 700 1# - ASIENTO SECUNDARIO - NOMBRE PERSONAL | |
| Nombre personal | Sutton, George Miksch, |
| Fechas asociadas con el nombre | 1898-1982, |
| Término de relación | ilustraciones |
| 710 2# - ASIENTO SECUNDARIO - NOMBRE CORPORATIVO | |
| Nombre corporativo o de jurisdicción como elemento de entrada | Academy of Natural Sciences of Philadelphia. |
| 740 0# - ASIENTO SECUNDARIO - TITULOS RELACIONADOS /ANALITICOS NO CONTROLADOS | |
| Título relacionado o analítico no controlado | Birds of South America. |
| 906 ## - LOCAL DATA ELEMENT F, LDF (RLIN) | |
| a | 7 |
| b | cbc |
| c | orignew |
| d | 2 |
| e | ncip |
| f | 19 |
| g | y-gencatlg |
| 942 ## - ELEMENTOS ADICIONALES (KOHA) | |
| Sistema de clasificación | Dewey Decimal Classification |
| Tipo de ítem | Libro |
| Withdrawn status | Lost status | Sistema de Clasificación | Damaged status | No para préstamo | Colección | Inventariado | Ubicación Permanente | Ubicación actual | Fecha de adquisición | Fuente de Valor | Valor | Total Checkouts | Número topográfico | Inventario / Código de Barras | Date last seen | Ejemplar | Price effective from | Tipo de material |
|---|---|---|---|---|---|---|---|---|---|---|---|---|---|---|---|---|---|---|
| Dewey Decimal Classification | General | Inventariado 2017 | Bogotá | Bogotá | 11/12/1998 | Instituto | 39000.00 | LB-598.098 M61b | 001187 | 04/12/2012 | Ej. 1 | 04/12/2012 | Libro |